Apología de la historia o el oficio de historiador /
Salvato in:
| Autore principale: | |
|---|---|
| Natura: | Sconosciuto |
| Pubblicazione: |
La Habana, Cuba :
Editorial de Ciencias Sociales,
1971.
|
| Serie: | (Historia)
|
| Soggetti: | |
| Tags: |
Aggiungi Tag
Nessun Tag, puoi essere il primo ad aggiungerne!!
|
MARC
| LEADER | 000000000a22000000004500 | ||
|---|---|---|---|
| 001 | 003697 | ||
| 082 | 0 | 4 | |a 907.2 |b B651a |
| 100 | 1 | |a Bloch, Marc | |
| 245 | 1 | 0 | |a Apología de la historia o el oficio de historiador / |c Marc Bloch. |
| 260 | 1 | |a La Habana, Cuba : |b Editorial de Ciencias Sociales, |c 1971. | |
| 300 | |a 275 páginas | ||
| 490 | 1 | |a (Historia) | |
| 650 | 4 | |a HISTORIOGRAFIA | |
| 999 | |c 10165 |d 10165 | ||
| 942 | |c BK |h 907.2 B651a |2 z | ||
